[Event "Challenge"]
[Site "http://www.queenalice.com/game.php?id=247793"]
[Date "2007.7.29"]
[Round "-"]
[White "Leofelix"]
[Black "mladen"]
[Result "0-1"]
[WhiteElo "1673"]
[BlackElo "1902"]

1. d4 Nf6 2. f3 d5 3. Nh3 Bf5 4. Na3 e6 5. c3 Be7 6. Nb5 a6 7. Qa4 O-O 8. Bf4
Nc6 9. Bxc7 Qd7 10. e3 axb5 11. Qxb5 Qxc7 12. Bd3 Ra5 13. Qb3 Bxd3 14. Qd1 Ba6
15. Nf2 e5 16. Nd3 e4 17. fxe4 dxe4 18. Nf4 Ne5 19. Qd2 Nc4 20. Qf2 Ng4 21. Qg3
Ngxe3 22. Nh5 Qxg3+ 23. hxg3 Nc2+ 24. Kd1 Nxa1 25. b3 Nxb3 26. Kc2 Nbd2 27. Nf4
Rxa2+ 28. Kd1 Ra1+ 29. Ke2 Rxh1 30. Kf2 b5 31. g4 Bc8 0-1

[Event "Challenge"]
[Site "http://www.queenalice.com/game.php?id=254317"]
[Date "2007.8.11"]
[Round "-"]
[White "vininb"]
[Black "mladen"]
[Result "0-1"]
[WhiteElo "1669"]
[BlackElo "1897"]

1. e4 e6 2. d4 d5 3. exd5 exd5 4. Bf4 Nf6 5. Nc3 Be7 6. g3 O-O 7. Qd2 a5 8. a3
Re8 9. O-O-O c6 10. h4 b5 11. Na2 Na6 12. h5 b4 13. a4 Ne4 14. Qe1 b3 15. cxb3
Nb4 16. Kb1 Bf5 17. Ka1 Nc2+ 0-1

[Event "Challenge"]
[Site "http://www.queenalice.com/game.php?id=261535"]
[Date "2007.8.25"]
[Round "-"]
[White "luizpessoa"]
[Black "mladen"]
[Result "0-1"]
[WhiteElo "1669"]
[BlackElo "1950"]

1. d4 d5 2. h3 Nf6 3. Nc3 Bf5 4. g4 Bg6 5. f4 Be4 6. Nxe4 Nxe4 7. Bg2 Ng3 8. Rh2
e6 9. Qd3 Be7 10. Bd2 Ne4 11. Bxe4 Bh4+ 12. Kd1 dxe4 13. Qxe4 Nc6 14. Nf3 Be7
15. Bc3 Qd7 16. Ke1 O-O-O 17. Rd1 Bd6 18. e3 Ne7 19. Rhd2 f5 20. gxf5 exf5 21.
Qd3 Nd5 22. a3 Rde8 23. Ne5 Qe7 24. Bb4 Qh4+ 25. Ke2 Qxh3 26. Rf1 Qh5+ 27. Ke1
Rhg8 28. Bxd6 cxd6 29. Qc4+ Nc7 30. Nf3 Rxe3+ 31. Re2 Rge8 32. Rxe3 Rxe3+ 33.
Kd2 Rxf3 34. Qg8+ Kd7 35. Qxg7+ Kc8 36. Qf8+ Kd7 37. Rxf3 Qxf3 38. Qxf5+ Kc6 39.
Qd3 Qxf4+ 40. Kc3 h5 41. Qh3 h4 42. Qg2+ Nd5+ 43. Kb3 Qxd4 44. c3 Qd3 45. a4 h3
46. Qh2 Qf3 47. Qd2 Qg3 48. Kc4 Qf4+ 49. Kb3 Qxd2 50. Kc4 Qxb2 51. a5 Qxc3# 0-1

[Event "Challenge"]
[Site "http://www.queenalice.com/game.php?id=261539"]
[Date "2007.8.25"]
[Round "-"]
[White "mladen"]
[Black "luizpessoa"]
[Result "1-0"]
[WhiteElo "1911"]
[BlackElo "1754"]

1. d4 d5 2. c4 Nc6 3. Nf3 dxc4 4. e3 b5 5. a4 Qd5 6. Nc3 Qd6 7. Nxb5 Qd8 8. Bxc4
a6 9. Ng5 e6 10. Qf3 f5 11. Qxc6+ Bd7 12. Nxc7+ Ke7 13. Qxa8 Qxc7 14. Qxa6 Bc6
15. Nxe6 Qd6 16. b3 Nf6 17. Ba3 1-0

[Event "Challenge"]
[Site "http://www.queenalice.com/game.php?id=261545"]
[Date "2007.8.25"]
[Round "-"]
[White "Leofelix"]
[Black "mladen"]
[Result "0-1"]
[WhiteElo "1605"]
[BlackElo "1955"]

1. d4 d5 2. c3 Nf6 3. f3 e6 4. e3 Bd6 5. Bd3 O-O 6. Nh3 e5 7. Nf2 e4 8. fxe4
dxe4 9. Bxe4 Re8 10. Bd3 Nc6 11. O-O Ne7 12. e4 Ng6 13. e5 Nxe5 14. dxe5 Bxe5
15. Bg5 h6 16. Bxf6 Qxf6 17. Ng4 Qb6+ 18. Kh1 Qxb2 19. Nd2 Bxc3 20. Rf2 Qxa1 21.
Qxa1 Bxa1 22. Bc4 Re1+ 23. Nf1 Bxg4 24. h3 Be6 25. Bd3 Rd8 26. Be2 Bd4 0-1

[Event "Let's Play Chess!"]
[Site "http://www.queenalice.com/game.php?id=308852"]
[Date "2007.11.23"]
[Round "-"]
[White "rwcm"]
[Black "mladen"]
[Result "0-1"]
[WhiteElo "1460"]
[BlackElo "1959"]

1. e4 e6 2. d4 d5 3. e5 c5 4. c3 Qb6 5. Nf3 Nc6 6. Bd3 Bd7 7. O-O cxd4 8. c4
Nge7 9. b3 dxc4 10. Bxc4 Ng6 11. Re1 Bc5 12. Ba3 O-O 13. Bd3 Rfd8 14. Bxg6 hxg6
15. Qc2 Nb4 16. Qe4 Bc6 17. Qe2 d3 18. Qd2 Bxf3 19. gxf3 Nc2 20. Bxc5 Qxc5 21.
Rc1 Qxe5 22. Nc3 Nxa1 23. Rxa1 Rac8 24. Ne4 Qxa1+ 25. Kg2 Rc2 26. Qa5 Qd4 27. h3
d2 28. Nxd2 Rxd2 29. Qg5 Qxf2+ 30. Kh1 Qh2# 0-1

[Event "Let's Play Chess!"]
[Site "http://www.queenalice.com/game.php?id=322165"]
[Date "2007.12.18"]
[Round "-"]
[White "mladen"]
[Black "Raul2008"]
[Result "1-0"]
[WhiteElo "1961"]
[BlackElo "1895"]

1. d4 Nf6 2. c4 c5 3. d5 d6 4. Nc3 g6 5. e4 Bg7 6. Bd3 O-O 7. Nf3 e5 8. a4 Na6
9. O-O Nb4 10. Na2 Nxd3 11. Qxd3 Nh5 12. Nc3 Nf4 13. Bxf4 exf4 14. h3 g5 15.
Rab1 h5 16. h4 f6 17. e5 dxe5 18. hxg5 f5 19. d6 Be6 20. Nxe5 Bxe5 21. Rfe1 Bxc3
22. Rxe6 Bg7 23. Qd5 Kh8 24. Re7 Qa5 25. Qf3 Qd2 26. Qxh5+ Kg8 27. g6 1-0

[Event "Let's Play Chess!"]
[Site "http://www.queenalice.com/game.php?id=322166"]
[Date "2007.12.18"]
[Round "-"]
[White "BruceA"]
[Black "mladen"]
[Result "1-0"]
[WhiteElo "1627"]
[BlackElo "1961"]

1. e4 e6 2. d4 d5 3. Nc3 Nf6 4. Bg5 Be7 5. e5 Nfd7 6. Bxe7 Qxe7 7. Qg4 O-O 8.
Nf3 f6 9. Bd3 c5 10. exf6 Nxf6 11. Qh4 Nc6 12. dxc5 Qxc5 13. O-O-O b5 14. Rhe1
b4 15. Nb5 b3 16. axb3 Nb4 17. Nc3 Nxd3+ 18. Rxd3 Bd7 19. Nd4 Rfe8 20. Re5 Rac8
21. g4 Qd6 22. f4 Qa6 23. g5 Ne4 24. Kb1 Rc5 25. b4 Nxc3+ 26. bxc3 Rc4 27. Rh3
1-0

[Event "Let's Play Chess!"]
[Site "http://www.queenalice.com/game.php?id=409453"]
[Date "2008.5.28"]
[Round "-"]
[White "mladen"]
[Black "leduar"]
[Result "1-0"]
[WhiteElo "1974"]
[BlackElo "1947"]

1. d4 Nf6 2. c4 g6 3. Nc3 Bg7 4. e4 d6 5. Nf3 O-O 6. Be2 e5 7. O-O Nc6 8. d5 Ne7
9. Ne1 Nd7 10. Nd3 f5 11. Bd2 Nf6 12. f3 f4 13. c5 g5 14. cxd6 cxd6 15. Rc1 Bd7
16. Qb3 b6 17. Nb5 Bxb5 18. Qxb5 a6 19. Qc4 b5 20. Qc7 Ng6 21. Ba5 Qxc7 22. Rxc7
Ne8 23. Rc3 Bf6 24. Rfc1 Bd8 25. Bxd8 Rxd8 26. Nb4 a5 27. Nc6 b4 28. Nxd8 bxc3
29. Rxc3 Nf6 30. Nc6 Ra8 31. Ra3 a4 32. Bd1 g4 33. Rxa4 Rxa4 34. Bxa4 gxf3 35.
gxf3 Kf7 36. b4 Nf8 37. Nb8 Ke7 38. Bb5 Kd8 39. Na6 N6d7 40. Bxd7 Nxd7 41. a4
Kc8 42. b5 Nb6 43. a5 Nc4 44. b6 Kb7 45. Nc7 Nxa5 46. Ne8 Nc4 47. h4 Nxb6 48.
Nxd6+ Kb8 49. Nf7 Nc4 50. Kf2 Kc7 51. Ke2 Kd7 52. Kd3 Na3 53. Nxe5+ Ke7 54. Ng4
Kf7 55. h5 Nb5 56. Kc4 Na3+ 57. Kd4 Nc2+ 58. Ke5 1-0

[Event "Let's Play Chess!"]
[Site "http://www.queenalice.com/game.php?id=409454"]
[Date "2008.5.28"]
[Round "-"]
[White "ronyjarod"]
[Black "mladen"]
[Result "1-0"]
[WhiteElo "2225"]
[BlackElo "1974"]

1. e4 e6 2. d4 d5 3. Nc3 Nf6 4. Bg5 Be7 5. e5 Nfd7 6. Bxe7 Qxe7 7. f4 O-O 8. Nf3
c5 9. Qd2 Nc6 10. O-O-O Nb6 11. dxc5 Qxc5 12. Bd3 Bd7 13. Kb1 Nb4 14. a3 Nxd3
15. cxd3 Rac8 16. g4 f5 17. gxf5 Rxf5 18. Rc1 Qf8 19. Ne2 Qe7 20. Rxc8+ Nxc8 21.
Rc1 Rf8 22. Rc7 1-0

[Event "Challenge"]
[Site "http://www.queenalice.com/game.php?id=414901"]
[Date "2008.6.8"]
[Round "-"]
[White "mladen"]
[Black "bruno_borges"]
[Result "1-0"]
[WhiteElo "1989"]
[BlackElo "1887"]

1. d4 Nf6 2. c4 e6 3. Nf3 b6 4. g3 Bb7 5. Bg2 Be7 6. O-O O-O 7. Nc3 Ne4 8. Qc2
Nxc3 9. Qxc3 c5 10. Rd1 cxd4 11. Qxd4 Bf6 12. Qd6 Be7 13. Qd3 d5 14. Qc2 Qc7 15.
Ng5 Bxg5 16. Bxg5 dxc4 17. Bxb7 Qxb7 18. Qxc4 Nc6 19. Qe4 Na5 20. Qxb7 Nxb7 21.
Be7 Rfe8 22. Rd7 Nc5 23. Bxc5 bxc5 24. Rc1 Rec8 25. b3 a5 26. Rc4 a4 27. bxa4
Ra5 28. Rb7 Rca8 29. Rb5 Rxa4 30. Rxa4 1-0

[Event "Challenge"]
[Site "http://www.queenalice.com/game.php?id=414902"]
[Date "2008.6.8"]
[Round "-"]
[White "bruno_borges"]
[Black "mladen"]
[Result "0-1"]
[WhiteElo "1875"]
[BlackElo "2001"]

1. e4 e6 2. d4 d5 3. Nd2 Nf6 4. Bd3 c5 5. c3 Nc6 6. Ngf3 dxe4 7. Nxe4 cxd4 8.
cxd4 Nxe4 9. Bxe4 Bb4+ 10. Bd2 Bxd2+ 11. Qxd2 O-O 12. Bxc6 bxc6 13. O-O Bb7 14.
Qc3 Qd5 15. Rfe1 Rac8 16. Re5 Qd6 17. Rae1 Rfd8 18. Ra5 a6 19. Ree5 c5 20. dxc5
Qc7 21. b4 Rd1+ 22. Re1 Rcd8 23. Ra3 h6 24. Rb3 Bxf3 25. gxf3 Qf4 26. Rb1 R8d3
27. Qe5 Qxe5 0-1

[Event "Let's Play Chess!"]
[Site "http://www.queenalice.com/game.php?id=422927"]
[Date "2008.6.25"]
[Round "-"]
[White "mladen"]
[Black "Lightningzap007"]
[Result "0-1"]
[WhiteElo "2012"]
[BlackElo "1876"]

1. d4 Nf6 2. c4 g6 3. Nc3 d5 4. Nf3 Bg7 5. Qb3 dxc4 6. Qxc4 O-O 7. e4 a6 8. e5
b5 9. Qb3 Nfd7 10. Be2 Bb7 11. O-O c5 12. Be3 cxd4 13. Nxd4 Nxe5 0-1

[Event "Let's Play Chess!"]
[Site "http://www.queenalice.com/game.php?id=449617"]
[Date "2008.8.17"]
[Round "-"]
[White "mladen"]
[Black "minimindy"]
[Result "1-0"]
[WhiteElo "2006"]
[BlackElo "1952"]

1. d4 d5 2. c4 c6 3. Nf3 Nf6 4. Nc3 Bf5 5. cxd5 cxd5 6. Qb3 Qd7 7. Bf4 Nc6 8. e3
e6 9. Ne5 Qc8 10. Rc1 Nd7 11. Nxd7 Qxd7 12. Bb5 Be7 13. O-O O-O 14. Bxc6 bxc6
15. Na4 Rfc8 16. Nc5 Qd8 17. Rc3 Rab8 18. Bxb8 Rxb8 19. Qa3 a5 20. Rfc1 Bg5 21.
b3 e5 22. dxe5 d4 23. exd4 Bxc1 24. Qxc1 Qxd4 25. h3 Qxe5 26. g4 Be6 27. Nxe6
Qxe6 28. Rxc6 Qd7 29. Rc7 Qe8 30. Qc3 1-0

[Event "Let's Play Chess!"]
[Site "http://www.queenalice.com/game.php?id=449619"]
[Date "2008.8.17"]
[Round "-"]
[White "minimindy"]
[Black "mladen"]
[Result "0-1"]
[WhiteElo "1967"]
[BlackElo "1991"]

1. e4 c5 2. Nf3 d6 3. c3 Nf6 4. Be2 Nc6 5. d4 cxd4 6. cxd4 Nxe4 7. d5 Qa5+ 8.
Nbd2 Qxd5 9. O-O Nxd2 10. Bxd2 g6 11. Bc3 Qxd1 12. Rfxd1 Rg8 13. Rac1 Bg7 14.
Bxg7 Rxg7 15. Bb5 Bd7 16. Rd2 a6 17. Ba4 b5 18. Bb3 Rc8 19. Rdc2 e6 20. Ng5 d5
21. Nf3 Kd8 22. a3 f6 23. Re2 Na5 24. Rxc8+ Bxc8 25. Ba2 Rc7 26. h3 Nc4 27. Nd4
e5 28. Nf3 Bf5 29. g4 Bd3 30. Re1 Be4 0-1

[Event "Let's Play Chess!"]
[Site "http://www.queenalice.com/game.php?id=1046316"]
[Date "2012.4.6"]
[Round "-"]
[White "schimidt"]
[Black "mladen"]
[Result "1-0"]
[WhiteElo "1937"]
[BlackElo "2018"]

1. e4 c6 2. d4 d5 3. e5 Bf5 4. Nc3 e6 5. g4 Bg6 6. Nge2 c5 7. h4 h5 8. Nf4 Nc6
9. Nxg6 fxg6 10. Ne2 Qb6 11. Nf4 cxd4 12. Nxg6 Bb4+ 13. Ke2 hxg4 14. a3 Rh5 15.
axb4 Nxe5 16. Nxe5 Rxe5+ 17. Kd2 Qxb4+ 18. c3 dxc3+ 19. bxc3 Qf4+ 20. Kc2 Qe4+
21. Bd3 Qg2 22. Bb5+ Kd8 23. Qd4 Qe4+ 24. Qxe4 Rxe4 25. h5 a6 26. Bd3 Re5 27.
Bf4 Rf5 28. Bxf5 exf5 29. Rhd1 1-0

[Event "Let's Play Chess!"]
[Site "http://www.queenalice.com/game.php?id=1046320"]
[Date "2012.4.6"]
[Round "-"]
[White "mladen"]
[Black "feliz70"]
[Result "0-1"]
[WhiteElo "2020"]
[BlackElo "2436"]

1. d4 Nf6 2. c4 e6 3. Nf3 b6 4. g3 c6 5. Bg2 d5 6. cxd5 cxd5 7. O-O Be7 8. Nc3
O-O 9. Re1 Nc6 10. a3 Ba6 11. Qa4 Bb7 12. Bf4 Rc8 13. Rac1 a6 14. Qd1 Ne4 15.
Nxe4 dxe4 16. Nd2 f5 17. Nb3 Bf6 18. Be3 a5 19. f3 a4 20. Na1 Bxd4 21. Bxd4
Qxd4+ 22. Qxd4 Nxd4 23. Bf1 exf3 24. e3 f2+ 0-1

[Event "Let's Play Chess!"]
[Site "http://www.queenalice.com/game.php?id=1046321"]
[Date "2012.4.6"]
[Round "-"]
[White "plot24"]
[Black "mladen"]
[Result "0-1"]
[WhiteElo "1883"]
[BlackElo "2018"]

1. d4 d5 2. c4 e6 3. Nf3 Nf6 4. Nc3 Nbd7 5. Bg5 Be7 6. g3 O-O 7. Bg2 dxc4 8. e4
c6 9. a4 Re8 10. Qe2 h6 11. Bxf6 Nxf6 12. Qxc4 Nd7 13. O-O a5 14. Rad1 Qb6 15.
b3 Nf6 16. Ne5 Qb4 17. Ne2 Nd7 18. Nd3 Qxc4 19. bxc4 Nb6 20. Nb2 Bd7 21. f4 Rad8
22. d5 Bc5+ 23. Kh1 exd5 24. cxd5 cxd5 25. Nc3 Nc4 26. Nd3 b6 27. exd5 Ne3 28.
Nxc5 bxc5 29. Rfe1 Nxd1 30. Rxd1 Rb8 31. Bf1 Rb2 32. Bc4 Rc2 33. Bb5 Bxb5 34.
Nxb5 Rce2 35. d6 Re1+ 36. Rxe1 Rxe1+ 37. Kg2 f5 38. Kf2 Rd1 39. Ke2 Rd5 0-1

[Event "Challenge"]
[Site "http://www.queenalice.com/game.php?id=1057022"]
[Date "2012.5.6"]
[Round "-"]
[White "mladen"]
[Black "albemo"]
[Result "1-0"]
[WhiteElo "2029"]
[BlackElo "1980"]

1. d4 d5 2. c4 c6 3. Nf3 Nf6 4. Nc3 Bf5 5. cxd5 cxd5 6. Qb3 Bc8 7. Bf4 Nc6 8. e3
e6 9. Bd3 Be7 10. Rc1 O-O 11. O-O Bd6 12. Bg5 h6 13. Bh4 Rb8 14. e4 dxe4 15.
Nxe4 Be7 16. Nxf6+ Bxf6 17. Bxf6 Qxf6 18. Rfd1 e5 19. dxe5 Nxe5 20. Nxe5 Be6 21.
Qc3 Rbc8 22. Qe1 Rfd8 23. Rxc8 Rxc8 24. a3 Bb3 25. Qe4 g6 26. Qxb7 Qe6 27. Re1
Bd5 28. Qxa7 1-0